Statistics for Most Populous Countries with Only One Vowel

Click here to take the quiz!

General Stats

  • This quiz has been taken 66 times
    (64 since last reset)
  • The average score is 7 of 13

Answer Stats

PopulationCountryVowel% Correct
126,760,000JapanA
77%
92,815,500EgyptE ( also contains Y)
74%
36,507,900CanadaA
72%
14,965,000ChadA
70%
28,120,000YemenE
66%
34,284,700MoroccoO
57%
10,039,000SwedenE
47%
10,783,748GreeceE
45%
54,836,000MyanmarA (also contains Y)
38%
28,308,301GhanaA
36%
17,963,900KazakhstanA
34%
22,434,363MadagascarA
28%
11,553,188RwandaA
25%

Score Distribution

Percentile by Number Answered

Percent of People with Each Score

Your Score History

You have not taken this quiz since the last reset